| 000 | 00340nam a2200121Ia 4500 | ||
|---|---|---|---|
| 008 | 190216s9999||||xx |||||||||||||| ||und|| | ||
| 100 | _aSharma & Agarwal | ||
| 245 | 0 | _aState Bank Gourp Probationary Officers Examinations | |
| 260 |
_bArun Prakashan _c1985 |
||
| 300 | _a150p | ||
| 650 | _aState Bank Probationary Officers | ||
| 942 | _cREF | ||
| 999 |
_c35751 _d35751 |
||